Multicultural path: Issues of diversity and discrimination in democracy (Record no. 1392478)

MARC details
000 -LEADER
fixed length control field 00593nam a2200205Ia 4500
005 - DATE AND TIME OF LATEST TRANSACTION
control field 20250508165001.0
008 - FIXED-LENGTH DATA ELEMENTS--GENERAL INFORMATION
fixed length control field 008 250505s9999 xx 000 0 eng d
020 ## - INTERNATIONAL STANDARD BOOK NUMBER
International Standard Book Number 0-7619-9630-3
037 ## - SOURCE OF ACQUISITION
Stock number Textual
040 ## - CATALOGING SOURCE
Original cataloging agency FEDL
Language of cataloging eng
Transcribing agency FEDL
041 ## - LANGUAGE CODE
Language code of text/sound track or separate title eng
Source of code eng
084 ## - COLON CLASSIFICATION NUMBER
Classification number 305.8, MAH
Assigning agency FEDL
100 ## - MAIN ENTRY--PERSONAL NAME
Personal name Mahajan Gurpreet
245 #0 - TITLE STATEMENT
Title Multicultural path: Issues of diversity and discrimination in democracy
260 ## - PUBLICATION, DISTRIBUTION, ETC.
Place of publication, distribution, etc. New Delhi, India
Name of publisher, distributor, etc. Sage Publications
Date of publication, distribution, etc. 2007
300 ## - PHYSICAL DESCRIPTION
Extent 239p.
365 ## - TRADE PRICE
Price type code INR
Price amount 495
942 ## - ADDED ENTRY ELEMENTS (KOHA)
Koha item type Textual
Classification part 305.8, MAH
Holdings
Withdrawn status Lost status Damaged status Not for loan Home library Current library Date acquired Cost, normal purchase price Total Checkouts Full call number Barcode Date last seen Price effective from Koha item type
        Department of Education Library Department of Education Library 2025-05-08 495.00   305.8, MAH EL0086108 2025-05-08 2025-05-08 Textual
Copyright @ Delhi University Library System